[Event "EYCC Girls U16 2018"]
[Site "Riga"]
[Date "2018.08.24"]
[Round "5"]
[White "Badelka, Olga"]
[Black "Zotova, Anastasia"]
[Result "1-0"]
[WhiteElo "2416"]
[BlackElo "2006"]
[Annotator "TA"]
[PlyCount "85"]
[EventDate "2018.08.20"]
[EventType "swiss"]
[EventCountry "LAT"]
[SourceTitle "playchess.com"]
[Source "ChessBase"]
[SourceQuality "1"]

{[%evp 19,84,15,10,16,50,43,89,50,106,87,100,78,88,70,128,66,58,81,60,76,84,83,92,59,58,62,62,31,35,33,60,-12,-22,-14,-20,-8,-11,-31,0,0,0,0,41,41,29,35,27,34,424,422,419,347,324,323,732,751,29992,29993,29995,29996,29996,29997,29997,29998,29998,29999,29999]} 1. d4 {[%cal Bd2d4,Bd4d5][%mdl 32]} Nf6 2. c4 g6 3. f3 c5 4. d5 Bg7 (4... d6 5. e4 e6 6. Nc3 exd5 7. cxd5 Bg7 8. Nge2 Nbd7 9. Ng3 h5 10. Be2 Nh7 11. Bf4 Qe7 12. Qd2 h4 13. Nf1 g5 14. Be3 Ne5 15. g3 Bd7 16. gxh4 gxh4 {½-½ (42) Aronian,L (2794)-Grischuk,A (2767) Berlin 2018}) 5. e4 d6 6. Ne2 {E60: King's Indian: Unusual lines and Fianchetto Variation without Nc3} O-O 7. Nec3 e6 8. Be3 exd5 9. cxd5 a6 10. a4 Nbd7 {LiveBook: 4 Games} 11. Be2 Re8 12. O-O Rb8 13. Na3 Qe7 $146 (13... Nh5 $14) ({Predecessor:} 13... h5 14. Qc2 {1-0 (29) Iniyan,P (2380)-Deshmukh,A (2241) Barcelona 2017}) 14. Qd2 $16 Ne5 15. h3 Ned7 16. Bf2 h5 (16... Qf8 $14) 17. Nc4 ({White should play} 17. Rfe1 $16) 17... Ne5 $1 $14 18. Nb6 Ned7 19. Nxc8 Rbxc8 20. a5 Kh7 21. Ra4 Bh6 22. Qc2 Qe5 23. g3 h4 24. f4 Qe7 25. e5 (25. Be1 $14) 25... dxe5 $11 26. fxe5 Qxe5 27. Rxh4 Kg7 28. Bf3 b5 29. axb6 $1 Nxb6 30. Re1 $40 {[%mdl 128] White attacks.} Qd6 31. Ne4 Nxe4 32. Rhxe4 Rxe4 33. Qxe4 Qf6 $2 {[%mdl 8192]} ({Better is} 33... Kg8 $14) 34. b4 $1 $18 {[%cal Rb4c5]} Nd7 35. bxc5 Nxc5 {[#]} 36. Qg4 $1 {aiming for Bd4.} Qf5 $2 {[#]} (36... Qd8 37. d6 Ne6) 37. Qd4+ $1 Qf6 38. Qxf6+ {White mates.} Kxf6 39. Bd4+ Kg5 40. h4+ Kf5 41. Re5+ Kf6 42. Re6+ Kf5 43. Rf6# {Precision: White = 75%, Black = 39%.} 1-0

[Event "EYCC Girls U16 2018"]
[Site "Riga"]
[Date "2018.08.24"]
[Round "5"]
[White "Peycheva, Gergana"]
[Black "Slaba, Andrea"]
[Result "1-0"]
[WhiteElo "2261"]
[BlackElo "1992"]
[Annotator "NA"]
[PlyCount "71"]
[EventDate "2018.08.20"]
[EventType "swiss"]
[EventCountry "LAT"]
[SourceTitle "playchess.com"]
[Source "ChessBase"]
[SourceQuality "1"]
[TimeControl "40/5400+30:1800+30"]

1. d4 {[%emt 0:00:00]} Nf6 {[%emt 0:00:00]} 2. c4 {[%emt 0:00:02]} g6 {[%emt 0:00:22]} 3. f3 {[%emt 0:00:18]} d5 {[%emt 0:00:24]} 4. cxd5 {[%emt 0:00:20]} Nxd5 {[%emt 0:00:09]} 5. e4 {[%emt 0:01:03]} Nb6 {[%emt 0:00:06]} 6. Nc3 {[%emt 0:00:39]} Bg7 {[%emt 0:00:45]} 7. Be3 {[%emt 0:00:35]} O-O {[%emt 0:01:31]} 8. Qd2 {[%emt 0:00:31]} Nc6 {[%emt 0:02:03]} 9. O-O-O {[%emt 0:01:19]} e5 {[%emt 0:06:23] D70: Grünfeld: Unusual White 3rd moves (met by ...d5)} (9... Qd6 10. Kb1 Rd8 11. Nb5 Qd7 12. d5 a6 13. Nc3 Qe8 14. Qc1 Na5 15. h4 e6 16. Bf4 Rd7 17. Bh6 Bxh6 18. Qxh6 exd5 {½-½ (35) Aronian,L (2809)-Svidler,P (2749) Geneva 2017}) 10. d5 {[%emt 0:00:51]} Ne7 {[%emt 0:06:50]} ({Black should play} 10... Nd4 $1 $14) 11. Bh6 {[%emt 0:07:08]} (11. h4 $16) 11... f6 $146 {[%emt 0:08:10]} ({Predecessor:} 11... f5 12. Bxg7 Kxg7 13. h4 Qd6 14. Nb5 Qd8 15. Qc3 Nd7 16. Nxc7 Rb8 17. Ne6+ {1-0 (17) Stefanov,E (1808)-Arjun,A (1461) Iasi 2012}) 12. h4 {[%emt 0:04:36]} Bxh6 {[%emt 0:03:40]} 13. Qxh6 {[%emt 0:00:24]} Rf7 {[%emt 0:01:35]} 14. g3 {[%emt 0:06:14]} Bd7 {[%emt 0:05:48]} 15. Qe3 {[%emt 0:05:22]} Nec8 {[%emt 0:07:50]} 16. f4 {[%emt 0:05:50]} Bg4 {[%emt 0:06:35]} 17. Be2 {[%emt 0:02:30]} Bxe2 {[%emt 0:00:23]} 18. Qxe2 {[%emt 0:01:08]} Nd6 {[%emt 0:03:59]} 19. Nf3 {[%emt 0:05:15]} Nd7 {[%emt 0:02:47]} 20. Kb1 {[%emt 0:05:08]} Qf8 {[%emt 0:02:57]} 21. Rh2 {[%emt 0:08:53]} Re8 {[%emt 0:00:46]} 22. h5 {[%emt 0:01:03]} exf4 {[%emt 0:02:08]} 23. hxg6 {[%emt 0:02:00]} ({Don't do} 23. gxf4 $6 Rg7 $16) 23... hxg6 {[%emt 0:00:09]} 24. Rdh1 {[%emt 0:01:23]} ({Less strong is} 24. gxf4 Rh7 $18) 24... Qg7 {[%emt 0:00:13]} 25. gxf4 {[%emt 0:01:01]} Nxe4 $2 {[%emt 0:04:52]} (25... Rfe7 26. Qg2 Nf8) 26. Nxe4 {[%emt 0:02:36]} f5 {[%emt 0:00:07]} 27. Nfg5 {[%emt 0:03:53]} Rxe4 28. Rh8+ {[%emt 0:02:50]} Qxh8 {[%emt 0:05:28]} 29. Rxh8+ {[%emt 0:00:09]} Kxh8 {[%emt 0:00:15]} 30. Nxf7+ {[%emt 0:00:33]} Kg7 {[%emt 0:00:50]} 31. Qb5 {[%emt 0:00:15]} Nb6 {[%emt 0:01:17]} 32. Ng5 {[%emt 0:00:27]} Re1+ {[%emt 0:00:56]} 33. Kc2 {[%emt 0:00:05]} Kf6 {[%emt 0:01:26]} 34. Qd3 {[%emt 0:00:54]} Ke7 {[%emt 0:02:10]} 35. Qc3 $18 {[%emt 0:01:12]} Re2+ {[%emt 0:00:15]} 36. Kd1 {[%emt 0:00:05]} 1-0

[Event "EYCC Girls U16 2018"]
[Site "Riga"]
[Date "2018.08.24"]
[Round "5"]
[White "Beydullayeva, Govhar"]
[Black "Strukova, Ksenia"]
[Result "1-0"]
[WhiteElo "2184"]
[BlackElo "1967"]
[Annotator "NA"]
[PlyCount "105"]
[EventDate "2018.08.20"]
[EventType "swiss"]
[EventCountry "LAT"]
[SourceTitle "playchess.com"]
[Source "ChessBase"]
[SourceQuality "1"]
[TimeControl "40/5400+30:1800+30"]

1. d4 {[%emt 0:00:00]} Nf6 {[%emt 0:00:00]} 2. c4 {[%emt 0:00:00]} g6 {[%emt 0:00:00]} 3. Nf3 {[%emt 0:00:00]} Bg7 {[%emt 0:00:00]} 4. g3 {[%emt 0:00:00]} d6 {[%emt 0:00:00]} 5. Bg2 {[%emt 0:00:07]} O-O {[%emt 0:00:01]} 6. O-O {[%emt 0:00:06]} c6 {[%emt 0:00:04]} 7. Nc3 {[%emt 0:00:24]} Qb6 {[%emt 0:00:07]} 8. e4 {[%emt 0:01:51]} Bg4 {[%emt 0:00:08] E62: King's Indian: Fianchetto: 6...c6 and Panno Variation (6...Nc6) without ...a6} 9. Rb1 {[%emt 0:00:11]} a5 {[%emt 0:12:11]} (9... Nfd7 10. Be3 c5 11. dxc5 dxc5 12. Nd5 Qd8 13. Qb3 b6 14. Nd2 Nc6 15. h3 Be6 16. f4 Nd4 17. Qd1 b5 18. b3 Nb6 19. Rf2 f5 20. Nc3 bxc4 21. e5 {½-½ (21) Karpov,A (2668)-Damljanovic,B (2585) Valjevo 2007}) 10. h3 $146 {[%emt 0:00:31]} ({Predecessor:} 10. Be3 Qa6 11. b3 Nbd7 12. Qd2 Bxf3 13. Bxf3 c5 14. Nd5 Nxd5 15. exd5 b6 16. Rfe1 {1-0 (30) Slastikhin,V (1846)-Strukova,K (1994) Voronezh 2018}) 10... Bxf3 {[%emt 0:00:08]} 11. Bxf3 {[%emt 0:00:03]} Nfd7 {[%emt 0:04:10]} 12. Be3 {[%emt 0:01:38]} Na6 {[%emt 0:09:04]} 13. Be2 {[%emt 0:11:40]} Qd8 {[%emt 0:15:19]} 14. Qd2 {[%emt 0:04:00]} f5 {[%emt 0:03:43]} 15. exf5 {[%emt 0:17:01]} Rxf5 {[%emt 0:03:38]} 16. Rbe1 {[%emt 0:14:28]} Nc7 {[%emt 0:06:48]} 17. Bg4 {[%emt 0:07:25]} Rf8 {[%emt 0:00:10]} 18. Kg2 {[%emt 0:03:09]} Nf6 {[%emt 0:04:35]} 19. Bf3 $16 {[%emt 0:03:16]} d5 {[%emt 0:07:42]} 20. b3 {[%emt 0:08:59]} Re8 {[%emt 0:06:36]} 21. Bf4 {[%emt 0:03:41]} dxc4 {[%emt 0:03:07]} 22. bxc4 {[%emt 0:00:05]} Nd7 {[%emt 0:03:44]} 23. d5 {[%emt 0:07:44]} Bxc3 {[%emt 0:08:36]} 24. Qxc3 {[%emt 0:00:04]} cxd5 {[%emt 0:00:19]} 25. cxd5 {[%emt 0:00:25]} Rc8 {[%emt 0:04:53]} 26. Qb3 {[%emt 0:09:07]} Nc5 {[%emt 0:01:14]} 27. Qc4 {[%emt 0:00:14]} N7a6 {[%emt 0:01:38]} 28. d6+ {[%emt 0:00:16]} e6 {[%emt 0:00:05]} 29. Qb5 {[%emt 0:01:41]} Nb4 {[%emt 0:02:16]} 30. Rd1 {[%emt 0:03:52]} Qd7 {[%emt 0:01:24]} 31. Qe2 {[%emt 0:00:44]} Na4 {[%emt 0:01:17]} 32. Rc1 {[%emt 0:01:31]} Nc3 {[%emt 0:00:10]} 33. Qe5 {[%emt 0:00:56]} Nd3 {[%emt 0:01:03]} 34. Qxa5 {[%emt 0:00:23]} Nxc1 {[%emt 0:01:22]} 35. Rxc1 {[%emt 0:00:57]} Nb5 {[%emt 0:00:01]} 36. Rd1 {[%emt 0:00:40]} Ra8 {[%emt 0:01:10]} 37. Qb6 {[%emt 0:00:18]} Nc3 {[%emt 0:00:51]} 38. Rc1 {[%emt 0:00:43]} Nd5 {[%emt 0:00:53]} 39. Bxd5 {[%emt 0:00:05]} exd5 {[%emt 0:00:01]} 40. Rc7 {[%emt 0:00:00]} Qe6 {[%emt 0:00:00]} 41. Qd4 {[%emt 0:10:55]} Qe4+ {[%emt 0:04:07]} 42. Qxe4 {[%emt 0:00:04]} dxe4 {[%emt 0:00:47]} 43. d7 {[%emt 0:05:23]} Reb8 {[%emt 0:04:01]} 44. a4 {[%emt 0:03:07]} Kf8 {[%emt 0:06:08]} 45. Bd6+ {[%emt 0:00:20]} Kg8 {[%emt 0:00:08]} 46. a5 {[%emt 0:02:02]} h6 {[%emt 0:02:56]} 47. Kf1 {[%emt 0:03:49]} Rd8 {[%emt 0:02:15]} 48. Be7 {[%emt 0:00:09]} Rxd7 {[%emt 0:02:01]} 49. Rxd7 {[%emt 0:00:05]} Rxa5 {[%emt 0:00:04]} 50. Rxb7 {[%emt 0:00:23]} Ra2 {[%emt 0:01:26]} 51. Bf6 {[%emt 0:00:17]} g5 {[%emt 0:00:35]} 52. Re7 {[%emt 0:00:17]} Ra6 {[%emt 0:00:18]} 53. Bd4 {[%emt 0:00:12]} 1-0

[Event "EYCC Girls U16 2018"]
[Site "Riga"]
[Date "2018.08.24"]
[Round "5"]
[White "Shpanko, Nadiia"]
[Black "Antova, Gabriela"]
[Result "1/2-1/2"]
[WhiteElo "2176"]
[BlackElo "2293"]
[Annotator "NA"]
[PlyCount "27"]
[EventDate "2018.08.20"]
[EventType "swiss"]
[EventCountry "LAT"]
[SourceTitle "playchess.com"]
[Source "ChessBase"]
[SourceQuality "1"]
[TimeControl "40/5400+30:1800+30"]

1. e4 {[%emt 0:00:00]} c5 {[%emt 0:00:00]} 2. c3 {[%emt 0:00:00]} g6 {[%emt 0:00:00]} 3. d4 {[%emt 0:00:08]} cxd4 {[%emt 0:00:02]} 4. cxd4 {[%emt 0:00:45]} d5 {[%emt 0:00:12]} 5. exd5 {[%emt 0:02:35]} Nf6 {[%emt 0:00:20]} 6. Bb5+ {[%emt 0:01:51]} Nbd7 {[%emt 0:00:27]} 7. d6 {[%emt 0:01:29]} e6 {[%emt 0:00:47]} 8. Nc3 {[%emt 0:01:50]} Bxd6 {[%emt 0:26:06]} 9. Bh6 {[%emt 0:03:29]} Bf8 $11 {[%emt 0:02:01]} 10. Qd2 {[%emt 0:04:19]} Bxh6 {[%emt 0:03:37]} 11. Qxh6 {[%emt 0:00:04]} Ng4 {[%emt 0:01:47]} 12. Qf4 {[%emt 0:00:19]} Ngf6 {[%emt 0:00:07]} 13. Qh6 {[%emt 0:00:16]} Ng4 {[%emt 0:01:56]} 14. Qf4 {[%emt 0:00:08]} 1/2-1/2

[Event "EYCC Girls U16 2018"]
[Site "Riga"]
[Date "2018.08.24"]
[Round "5"]
[White "Urh, Zala"]
[Black "Goltseva, Ekaterina"]
[Result "1-0"]
[WhiteElo "2156"]
[BlackElo "2185"]
[Annotator "NA"]
[PlyCount "95"]
[EventDate "2018.08.20"]
[EventType "swiss"]
[EventCountry "LAT"]
[SourceTitle "playchess.com"]
[Source "ChessBase"]
[SourceQuality "1"]
[TimeControl "40/5400+30:1800+30"]

1. e4 {[%emt 0:00:00]} e6 {[%emt 0:00:00]} 2. d4 {[%emt 0:00:00]} d5 {[%emt 0:00:00]} 3. Nc3 {[%emt 0:00:00]} Nf6 {[%emt 0:03:18]} 4. Bg5 {[%emt 0:00:10]} dxe4 {[%emt 0:00:15]} 5. Nxe4 {[%emt 0:00:15]} Be7 {[%emt 0:00:07]} 6. Bxf6 {[%emt 0:00:37]} gxf6 {[%emt 0:00:15]} 7. Nf3 {[%emt 0:00:30]} f5 {[%emt 0:00:37]} 8. Nc3 {[%emt 0:00:24]} a6 {[%emt 0:01:00] C13: French: Classical System: 4 Bg5 Be7, Alekhine-Chatard Attack} 9. Qe2 {[%emt 0:00:32]} (9. Qd2 b5 10. O-O-O b4 11. Na4 Qd5 12. b3 Bd7 13. Bc4 Qd6 14. d5 e5 15. Rhe1 e4 16. Nd4 {1-0 (40) Carlsen,M (2832)-Grischuk,A (2750) chess.com INT 2017}) 9... b5 {[%emt 0:03:56]} 10. O-O-O {[%emt 0:03:59]} b4 {[%emt 0:04:02]} 11. Na4 {[%emt 0:00:15]} Qd5 {[%emt 0:00:43]} 12. Qc4 {[%emt 0:00:37]} Qxc4 {[%emt 0:20:13] LiveBook: 4 Games} 13. Bxc4 {[%emt 0:00:09]} Bd7 {[%emt 0:00:09] [#]} 14. Nc5 $146 {[%emt 0:03:01]} ({Predecessor:} 14. Bb3 Nc6 15. Nc5 Bxc5 16. dxc5 {½-½ (39) Stukopin,A (2587)-Moradiabadi,E (2587) ICC INT 2015}) 14... Bc6 {[%emt 0:16:40]} 15. Ne5 {[%emt 0:07:10]} Bxc5 {[%emt 0:03:15]} 16. dxc5 {[%emt 0:00:53]} Ke7 {[%emt 0:00:56]} 17. Rhe1 {[%emt 0:04:51]} Bb5 {[%emt 0:04:39]} 18. Bxb5 {[%emt 0:06:08]} axb5 {[%emt 0:00:54]} 19. Kb1 {[%emt 0:00:06]} Ra6 {[%emt 0:15:49]} 20. Rd4 {[%emt 0:06:01]} f6 {[%emt 0:03:07]} 21. Nd3 {[%emt 0:01:08]} b3 {[%emt 0:03:51]} 22. cxb3 {[%emt 0:02:02]} Nc6 {[%emt 0:00:10]} 23. Rh4 {[%emt 0:02:09]} Raa8 {[%emt 0:03:07]} 24. Nf4 {[%emt 0:04:40]} Ne5 {[%emt 0:00:32]} 25. Re3 {[%emt 0:00:44]} Rad8 {[%emt 0:05:43]} 26. Kc2 {[%emt 0:03:50]} Rdg8 {[%emt 0:01:48]} 27. Rg3 {[%emt 0:07:03]} Rg5 {[%emt 0:02:44]} 28. Kc3 {[%emt 0:02:29]} Kf7 $18 {[%emt 0:01:14]} 29. a4 {[%emt 0:03:49]} c6 {[%emt 0:02:25]} 30. Kb4 {[%emt 0:01:30]} bxa4 {[%emt 0:00:41]} 31. bxa4 {[%emt 0:00:02]} Ng4 {[%emt 0:00:46]} 32. Rd3 {[%emt 0:02:55]} Ke7 {[%emt 0:02:18]} 33. Rd6 {[%emt 0:06:19]} e5 {[%emt 0:00:25]} 34. Nh3 {[%emt 0:01:10]} Rgg8 {[%emt 0:00:36]} 35. Rxc6 {[%emt 0:00:01]} Rb8+ {[%emt 0:00:25]} 36. Rb6 {[%emt 0:00:57]} h6 {[%emt 0:00:33]} 37. Kb5 {[%emt 0:00:47]} Kd7 {[%emt 0:00:21]} 38. a5 {[%emt 0:01:06]} Kc7 {[%emt 0:00:38]} 39. b4 {[%emt 0:01:22]} Rh7 {[%emt 0:00:34]} 40. c6 {[%emt 0:00:00]} Re7 {[%emt 0:00:00]} 41. Rxb8 {[%emt 0:05:35]} Kxb8 {[%emt 0:00:40]} 42. Kb6 {[%emt 0:00:15]} e4 {[%emt 0:00:59]} 43. Nf4 {[%emt 0:01:20]} e3 {[%emt 0:02:26]} 44. fxe3 {[%emt 0:03:38]} Rxe3 {[%emt 0:00:25]} 45. Rh3 {[%emt 0:02:57]} Re4 {[%emt 0:00:38]} 46. Nd5 {[%emt 0:00:24]} Re5 {[%emt 0:00:54]} 47. Rd3 {[%emt 0:00:22]} Nf2 {[%emt 0:00:28]} 48. c7+ {[%emt 0:00:15]} 1-0

[Event "EYCC Girls U16 2018"]
[Site "Riga"]
[Date "2018.08.24"]
[Round "5"]
[White "Heydarova, Aytaj"]
[Black "Kocyigit, Buse Naz"]
[Result "0-1"]
[WhiteElo "2052"]
[BlackElo "1950"]
[Annotator "NA"]
[PlyCount "60"]
[EventDate "2018.08.20"]
[EventType "swiss"]
[EventCountry "LAT"]
[SourceTitle "playchess.com"]
[Source "ChessBase"]
[SourceQuality "1"]
[TimeControl "40/5400+30:1800+30"]

1. e4 {[%emt 0:00:00]} e5 {[%emt 0:00:00]} 2. Nf3 {[%emt 0:00:00]} d6 {[%emt 0:00:00]} 3. d4 {[%emt 0:00:00]} exd4 {[%emt 0:00:00]} 4. Nxd4 {[%emt 0:00:03]} Nf6 {[%emt 0:00:00]} 5. Nc3 {[%emt 0:00:04]} Be7 {[%emt 0:00:00]} 6. g3 {[%emt 0:00:13]} O-O {[%emt 0:00:21]} 7. Bg2 {[%emt 0:00:03]} Bd7 {[%emt 0:00:20]} 8. O-O {[%emt 0:00:22]} Nc6 {[%emt 0:00:06]} 9. Nf5 {[%emt 0:00:24]} Bxf5 {[%emt 0:04:43]} 10. exf5 {[%emt 0:01:11]} Rb8 {[%emt 0:01:59]} 11. g4 {[%emt 0:06:54]} Ne8 $16 {[%emt 0:20:09]} 12. Nd5 {[%emt 0:02:26]} Bh4 {[%emt 0:04:46]} 13. f4 {[%emt 0:11:34]} h6 {[%emt 0:00:52]} 14. Qd2 {[%emt 0:16:47]} Nf6 {[%emt 0:08:27]} 15. Nxf6+ {[%emt 0:17:50]} Bxf6 {[%emt 0:00:17]} 16. g5 {[%emt 0:04:52]} Bd4+ {[%emt 0:09:03]} 17. Kh1 {[%emt 0:00:28]} Bb6 {[%emt 0:00:14]} 18. Be4 {[%emt 0:06:19]} hxg5 {[%emt 0:16:42]} 19. fxg5 {[%emt 0:00:46]} Re8 {[%emt 0:00:17]} 20. Qg2 {[%emt 0:01:11]} Qe7 {[%emt 0:10:39]} 21. Bd3 {[%emt 0:03:51]} Nb4 {[%emt 0:02:31]} 22. f6 {[%emt 0:00:49]} Qe6 {[%emt 0:02:19]} 23. Bf4 {[%emt 0:11:06]} Nxd3 {[%emt 0:00:31]} 24. cxd3 {[%emt 0:00:01]} Qe2 {[%emt 0:01:46]} 25. Qh3 {[%emt 0:01:50]} Re6 {[%emt 0:06:28]} 26. fxg7 {[%emt 0:10:44]} Kxg7 {[%emt 0:00:09]} 27. Qf5 {[%emt 0:00:20]} Qh5 {[%emt 0:02:53]} 28. Bd2 {[%emt 0:01:50]} Bd4 {[%emt 0:02:22]} 29. Rac1 {[%emt 0:00:56]} Rh8 {[%emt 0:02:28]} 30. h3 {[%emt 0:01:22]} Qxh3+ {[%emt 0:01:20]} 0-1

[Event "EYCC Girls U16 2018"]
[Site "Riga"]
[Date "2018.08.24"]
[Round "5"]
[White "Bulatova, Kamaliya"]
[Black "Djidjeli, Sarah"]
[Result "1-0"]
[WhiteElo "2043"]
[BlackElo "1961"]
[Annotator "NA"]
[PlyCount "79"]
[EventDate "2018.08.20"]
[EventType "swiss"]
[EventCountry "LAT"]
[SourceTitle "playchess.com"]
[Source "ChessBase"]
[SourceQuality "1"]
[TimeControl "40/5400+30:1800+30"]

1. d4 {[%emt 0:00:00]} Nf6 {[%emt 0:00:00]} 2. c4 {[%emt 0:00:00]} g6 {[%emt 0:00:00]} 3. Nc3 {[%emt 0:00:00]} d5 {[%emt 0:00:00]} 4. cxd5 {[%emt 0:00:00]} Nxd5 {[%emt 0:00:00]} 5. Bd2 {[%emt 0:00:00]} Bg7 {[%emt 0:00:55]} 6. e4 {[%emt 0:00:05]} Nxc3 {[%emt 0:00:36]} 7. Bxc3 {[%emt 0:00:05]} O-O {[%emt 0:03:57]} 8. Qd2 {[%emt 0:01:34]} c6 {[%emt 0:12:35]} 9. Nf3 {[%emt 0:06:26]} Nd7 {[%emt 0:00:38]} 10. Bd3 {[%emt 0:00:57]} Nf6 {[%emt 0:00:18]} 11. O-O {[%emt 0:04:49]} b6 {[%emt 0:19:35]} 12. a4 {[%emt 0:05:04]} a5 {[%emt 0:03:39]} 13. Rfe1 {[%emt 0:05:55]} Bb7 {[%emt 0:07:33]} 14. Qc2 {[%emt 0:07:35]} Rc8 $14 {[%emt 0:01:53]} 15. Rad1 {[%emt 0:04:29]} Qc7 {[%emt 0:01:45]} 16. Qb3 {[%emt 0:03:50]} Nd7 {[%emt 0:05:44]} 17. Bc4 {[%emt 0:03:42]} e6 {[%emt 0:05:04]} 18. Re3 {[%emt 0:18:12]} Bh6 {[%emt 0:09:01]} 19. Ree1 {[%emt 0:04:38]} Bg7 20. h3 {[%emt 0:01:56]} Rfd8 {[%emt 0:13:55]} 21. Ng5 {[%emt 0:04:21]} h6 {[%emt 0:02:14]} 22. Nxf7 {[%emt 0:02:38]} Kxf7 {[%emt 0:01:21]} 23. Bxe6+ {[%emt 0:00:02]} Ke7 {[%emt 0:02:41]} 24. d5 {[%emt 0:03:11]} Nc5 {[%emt 0:00:19]} 25. Qa3 {[%emt 0:00:09]} Bxc3 {[%emt 0:01:32]} 26. bxc3 {[%emt 0:00:08]} Rb8 {[%emt 0:02:47]} 27. c4 {[%emt 0:01:14]} Qe5 {[%emt 0:00:31]} 28. g3 {[%emt 0:03:26]} g5 {[%emt 0:01:02]} 29. Rb1 {[%emt 0:01:08]} Qc7 {[%emt 0:01:29]} 30. Bf5 {[%emt 0:01:34]} Ba6 {[%emt 0:02:34]} 31. Qc3 {[%emt 0:00:51]} Rg8 {[%emt 0:00:12]} 32. e5 {[%emt 0:00:55]} Kd8 {[%emt 0:01:13]} 33. e6 {[%emt 0:01:02]} Ke7 {[%emt 0:00:09]} 34. d6+ {[%emt 0:02:16]} Qxd6 {[%emt 0:00:22]} 35. Rbd1 {[%emt 0:00:01]} Nxa4 {[%emt 0:01:08]} 36. Qa1 Qb4 {[%emt 0:00:40]} 37. Rd7+ {[%emt 0:00:59]} Ke8 {[%emt 0:00:21]} 38. Qf6 {[%emt 0:00:51]} Qxe1+ {[%emt 0:00:41]} 39. Kg2 {[%emt 0:00:03]} Qc3 {[%emt 0:00:34]} 40. Qe7# {[%emt 0:00:00]} 1-0

[Event "EYCC Girls U16 2018"]
[Site "Riga"]
[Date "2018.08.24"]
[Round "5"]
[White "Nestorovic, Katarina"]
[Black "Kucharska, Honorata"]
[Result "1/2-1/2"]
[WhiteElo "1995"]
[BlackElo "2030"]
[Annotator "NA"]
[PlyCount "70"]
[EventDate "2018.08.20"]
[EventType "swiss"]
[EventCountry "LAT"]
[SourceTitle "playchess.com"]
[Source "ChessBase"]
[SourceQuality "1"]
[TimeControl "40/5400+30:1800+30"]

1. e4 {[%emt 0:00:00]} e6 {[%emt 0:00:00]} 2. d4 {[%emt 0:00:00]} d5 {[%emt 0:00:00]} 3. Nc3 {[%emt 0:00:18]} Nf6 {[%emt 0:00:00]} 4. Bg5 {[%emt 0:00:48]} Be7 {[%emt 0:00:01]} 5. e5 {[%emt 0:00:36]} Nfd7 {[%emt 0:00:18]} 6. h4 {[%emt 0:01:14]} h6 {[%emt 0:00:34]} 7. Bxe7 {[%emt 0:00:40]} Qxe7 {[%emt 0:00:16]} 8. Qd2 {[%emt 0:01:52]} O-O {[%emt 0:02:17]} 9. O-O-O {[%emt 0:01:46]} c5 {[%emt 0:01:49]} 10. f4 {[%emt 0:05:02]} f6 {[%emt 0:05:38]} 11. exf6 {[%emt 0:04:49]} Qxf6 {[%emt 0:01:16]} 12. Nh3 {[%emt 0:07:38]} Nc6 {[%emt 0:05:22]} 13. dxc5 {[%emt 0:05:06]} Nxc5 {[%emt 0:01:03]} 14. g4 {[%emt 0:01:52]} d4 {[%emt 0:10:25]} ({Finger weg von} 14... Qxh4 15. Qg2 $15) 15. Nb5 $16 {[%emt 0:03:56]} e5 {[%emt 0:02:47]} 16. Bc4+ {[%emt 0:15:43]} Be6 {[%emt 0:07:32]} 17. g5 {[%emt 0:00:47]} Qf7 {[%emt 0:01:35]} 18. Bxe6 {[%emt 0:17:11]} Qxe6 {[%emt 0:00:21]} 19. Kb1 {[%emt 0:01:05]} Rad8 {[%emt 0:08:05]} 20. fxe5 {[%emt 0:05:19]} d3 {[%emt 0:05:38]} 21. c3 {[%emt 0:08:19]} Nxe5 {[%emt 0:03:30]} 22. Qe3 {[%emt 0:05:26]} Ncd7 {[%emt 0:09:56]} 23. Nd4 {[%emt 0:01:10]} Qb6 {[%emt 0:02:47]} 24. gxh6 {[%emt 0:01:58]} gxh6 {[%emt 0:05:56]} 25. Nf4 {[%emt 0:01:14]} Qxb2+ {[%emt 0:03:11]} 26. Kxb2 {[%emt 0:00:23]} Nc4+ {[%emt 0:00:02]} 27. Kb1 {[%emt 0:00:38]} Nxe3 {[%emt 0:00:05]} 28. Rxd3 {[%emt 0:01:12]} Nc5 {[%emt 0:01:54]} 29. Rg1+ {[%emt 0:01:34]} Kh7 {[%emt 0:00:27]} 30. Rxe3 {[%emt 0:00:59]} Rxf4 {[%emt 0:00:05]} 31. Re7+ {[%emt 0:02:40]} Kh8 {[%emt 0:00:16]} 32. Rgg7 {[%emt 0:02:34]} Rf2 {[%emt 0:07:25]} 33. Rh7+ {[%emt 0:00:45]} Kg8 {[%emt 0:00:03]} 34. Rxh6 {[%emt 0:00:55]} Na4 {[%emt 0:01:32]} 35. Rc7 {[%emt 0:01:03]} Nxc3+ {[%emt 0:00:30]} 1/2-1/2